[Event "3rd IECC"]
[Site "Batumi GEO"]
[Date "2002.06.14"]
[Round "3"]
[White "Asrian,K"]
[Black "Chiburdanidze,M"]
[Result "1/2-1/2"]
[WhiteElo "2591"]
[BlackElo "2516"]

1.e4 c6 2.d4 d5 3.e5 Bf5 4.Nc3 e6 5.g4 Bg6 6.Nge2 f6 7.h4 fxe5 8.h5 Be4 9.Nxe4 dxe4
10.Bg2 Nd7 11.Bxe4 Ngf6 12.Bf3 exd4 13.g5 Ne5 14.Bg2 d3 15.gxf6 dxe2 16.Qxd8+ Rxd8
17.Bg5 Rd7 18.Kxe2 gxf6 19.Bxf6 Bg7 20.Bxg7 Rxg7 21.Be4 Rg4 22.f3 Rg2+ 23.Ke3 h6
24.Rag1 Rxg1 25.Rxg1 Kf7 26.b3 Rg8 27.Rxg8 Kxg8 28.Kd4 Nd7 29.f4 Kf7 30.b4 Kf6
31.c4 Ke7 32.a3 a6 33.c5 Kf7 34.a4 Ke7 35.b5 axb5 36.axb5 Kf6 37.Kc4 cxb5+
38.Kxb5 e5 39.f5 Kg5 40.Kc4 Kf4 41.Bxb7 Nxc5 42.Kxc5 Kxf5 43.Kd6 Kg5 44.Bf3 e4
45.Bxe4 Kxh5  1/2-1/2

[Event "3rd IECC"]
[Site "Batumi GEO"]
[Date "2002.06.15"]
[Round "4"]
[White "Milov,V"]
[Black "Chiburdanidze,M"]
[Result "1-0"]
[WhiteElo "2606"]
[BlackElo "2516"]

1.d4 Nf6 2.c4 e6 3.Nc3 Bb4 4.e3 c5 5.Bd3 cxd4 6.exd4 d5 7.cxd5 Nxd5 8.Ne2 Nc6
9.a3 Nxc3 10.bxc3 Be7 11.Be4 Bd7 12.Qd3 h6 13.Qg3 Bg5 14.h4 Bf6 15.Bf4 Rc8
16.Rd1 Na5 17.O-O Ba4 18.Rb1 Bc6 19.Bd3 Bd5 20.Bb5+ Bc6 21.a4 h5 22.Be5 a6
23.Bxc6+ Rxc6 24.Rfd1 Rc4 25.Nf4 Kf8 26.Re1 Qc8 27.Bxf6 gxf6 28.Nxe6+ fxe6
29.Qg6 Ke7 30.Qg7+ Kd6 31.Qxf6 Qd8 32.Rxe6+ Kc7 33.Qe5+ Kc8 34.Rxa6 bxa6
35.Rb8+ Kd7 36.Rxd8+ Rxd8 37.Qxa5 Ke8  1-0

[Event "3rd IECC"]
[Site "Batumi GEO"]
[Date "2002.06.16"]
[Round "5"]
[White "Chiburdanidze,M"]
[Black "Asylguzhin,R"]
[Result "1/2-1/2"]
[WhiteElo "2516"]
[BlackElo "2387"]

1.d4 d5 2.c4 dxc4 3.Nf3 e6 4.e3 c5 5.Bxc4 a6 6.Qe2 b5 7.Bd3 cxd4 8.exd4 Bb7
9.O-O Nf6 10.a4 bxa4 11.Bc2 Bd6 12.Bxa4+ Nbd7 13.Bg5 O-O 14.Ne5 Nb6 15.Bc2 Be7
16.Rd1 Nbd5 17.Ba4 Rc8 18.Na3 Nb6 19.Bb3 Nfd5 20.Bd2 Bg5 21.Nac4 Bxd2 22.Qxd2 Nxc4
23.Bxc4 f6 24.Bxd5 Qxd5 25.Nf3 Qf5  1/2-1/2

[Event "3rd IECC"]
[Site "Batumi GEO"]
[Date "2002.06.18"]
[Round "7"]
[White "Chibukhchian,A"]
[Black "Chiburdanidze,M"]
[Result "0-1"]
[WhiteElo "2379"]
[BlackElo "2516"]

1.e4 c6 2.c4 d5 3.exd5 Nf6 4.Nc3 cxd5 5.d4 e6 6.Nf3 Bb4 7.cxd5 Nxd5 8.Qc2 Qc7
9.Bd2 Nd7 10.Bd3 N5f6 11.O-O O-O 12.Rfe1 Bd6 13.Rac1 a6 14.Qd1 Qb8 15.Ne4 Rd8
16.Bg5 Bf4 17.Nxf6+ Nxf6 18.Bxf6 gxf6 19.Rc5 f5 20.Ne5 Qd6 21.Qh5 Qf8 22.g3 Bxe5
23.Rcxe5 Rxd4 24.Bxf5 h6 25.R1e4 Rxe4 26.Bxe4 Bd7 27.Qg4+ Qg7 28.Qxg7+ Kxg7
29.Bxb7 Rb8 30.Bxa6 Rxb2 31.Bc4 Rc2 32.Bb3 Rc1+ 33.Kg2 Bc6+ 34.Kh3 Rf1 35.f4 Rf2
36.g4 Rf3+ 37.Kh4 Rxf4 38.Re3 Kf6 39.Kg3 e5 40.Rc3 Be4 41.Bc2 Ba8 42.Bb3 h5
43.gxh5 Kg5 44.Bd1 Rd4 45.h4+ Rxh4 46.Rc8 Rd4 47.Rg8+ Kh6 48.Rh8+ Kg7 49.Rxa8 Rxd1
50.Kg4 Rf1 51.Ra7 Kh6 52.Ra6+ f6 53.a4 Rf4+ 54.Kg3 Kxh5 55.a5 Kg5 56.Ra8 Ra4
57.Kf3 Kf5 58.Ke3 Ra3+ 59.Kd2 Ke4 60.Kc2 f5 61.Kb2 Rd3 62.a6 Rd6 63.Kc3 f4
64.Kc4 f3 65.Kc5 Rf6 66.a7 Rf7 67.Kb6 f2 68.Rg8 Rxa7  0-1

[Event "3rd IECC"]
[Site "Batumi GEO"]
[Date "2002.06.20"]
[Round "8"]
[White "Chiburdanidze,M"]
[Black "Krasenkow,M"]
[Result "0-1"]
[WhiteElo "2516"]
[BlackElo "2641"]

1.d4 d5 2.c4 e6 3.Nc3 c6 4.e3 f5 5.Bd3 Nf6 6.Nge2 Bd6 7.Qc2 Ne4 8.O-O O-O
9.f3 Nxc3 10.bxc3 Nd7 11.Bd2 Nf6 12.e4 fxe4 13.fxe4 dxe4 14.Bxe4 Qe8 15.Bf4 Bxf4
16.Rxf4 e5 17.Rh4 g5 18.Bxh7+ Kg7 19.Re4 Nxh7 20.Rxe5 Qg6 21.Qd2 Bd7 22.Ng3 Rae8
23.Qe2 Nf6 24.Qd2 Nh7 25.Qe3 Kg8 26.Re1 b6 27.a4 Rxe5 28.dxe5 Be6 29.c5 bxc5
30.Qxc5 Bd5 31.h3 Qc2 32.Re2 Qxa4 33.e6 Qf4 34.e7 Re8 35.Nh5 Qf7 36.g4 Qf3
37.Qd6 Bf7 38.Qd2 Bd5 39.Re3 Qh1+ 40.Kf2 Qg2+ 41.Ke1 Qxd2+ 42.Kxd2 Kf7  0-1

[Event "3rd IECC"]
[Site "Batumi GEO"]
[Date "2002.06.22"]
[Round "10"]
[White "Chiburdanidze,M"]
[Black "Bae,T"]
[Result "0-1"]
[WhiteElo "2516"]
[BlackElo "2314"]

1.d4 Nf6 2.c4 g6 3.g3 Bg7 4.Bg2 d5 5.cxd5 Nxd5 6.Nf3 O-O 7.O-O Nb6 8.Nc3 Nc6
9.d5 Na5 10.Qc2 c6 11.dxc6 Nxc6 12.Rd1 Bf5 13.e4 Bd7 14.Bf4 Rc8 15.Qe2 Qe8
16.Nd5 Na4 17.Rd2 Nc5 18.Rad1 e5 19.Bg5 Bg4 20.Qe3 Nd7 21.Qa3 f6 22.Be3 f5
23.Re1 h6 24.h3 fxe4 25.Nh2 Bf3 26.Bxa7 Qf7 27.Be3 Kh7 28.Nc3 Nd4 29.Bxd4 exd4
30.Nxe4 Bxg2 31.Kxg2 Ne5 32.Qb3 Nd7  0-1

[Event "3rd IECC"]
[Site "Batumi GEO"]
[Date "2002.06.23"]
[Round "11"]
[White "Priehoda,V"]
[Black "Chiburdanidze,M"]
[Result "1/2-1/2"]
[WhiteElo "2425"]
[BlackElo "2516"]

1.Nf3 Nf6 2.c4 e6 3.g3 a6 4.Bg2 b5 5.b3 c5 6.O-O Bb7 7.Nc3 bxc4 8.bxc4 Be7
9.Rb1 Bc6 10.Re1 d6 11.e4 e5 12.d3 O-O 13.Nh4 g6 14.Bh6 Re8 15.Bh3 Nbd7 16.Qd2 Nf8
17.Bxf8 Bxf8 18.Rb3 Nh5 19.Ng2 Ng7 20.Ne3 Ne6 21.Nc2 Qa5 22.Ra3  1/2-1/2

[Event "3rd IECC"]
[Site "Batumi GEO"]
[Date "2002.06.24"]
[Round "12"]
[White "Chiburdanidze,M"]
[Black "Karadeniz,E"]
[Result "1-0"]
[WhiteElo "2516"]
[BlackElo "2307"]

1.d4 d5 2.c4 c6 3.e3 e6 4.Nc3 f5 5.Bd3 Nf6 6.Nge2 Bd6 7.Qc2 Ne4 8.O-O O-O
9.f3 Nxc3 10.Nxc3 Qh4 11.g3 Qf6 12.f4 Na6 13.a3 dxc4 14.Bxc4 Nc7 15.Rd1 Kh8
16.e4 Qg6 17.Bd3 Bd7 18.Be3 Qf7 19.b4 b5 20.Rab1 a5 21.bxa5 Bxa3 22.Bd2 Rxa5
23.Nd5 Ra7 24.Nxc7 Rxc7 25.Rxb5 cxb5 26.Qxc7 Rc8 27.Qb7 Qe8 28.exf5 Rb8 29.Qa7 Ra8
30.Qc7 Rc8 31.Qe5 exf5 32.Rb1 Rb8 33.Qxe8+ Bxe8 34.Bxf5 Bf7 35.Bb4 Ba2 36.Bxa3 Bxb1
37.Bxb1 Ra8 38.Bb2 Ra4 39.Bf5 Rb4 40.Bc3 Rc4 41.Be1 Rxd4 42.Kf2 b4 43.Ke3 Rd5
44.Bd3 b3 45.Bc3 Rd7 46.g4 Ra7 47.Bb1 b2 48.Kd3 Ra4 49.Be5 h6 50.h4 Ra3+
51.Kc2 Rg3 52.g5 Rg2+ 53.Kb3 h5 54.f5 Rg4 55.f6 gxf6 56.Bxf6+ Kg8 57.g6 Rf4
58.Bg5 Rf2 59.Bh6 Rg2 60.Bc2  1-0

[Event "3rd IECC"]
[Site "Batumi GEO"]
[Date "2002.06.26"]
[Round "13"]
[White "Cheparinov,I"]
[Black "Chiburdanidze,M"]
[Result "1-0"]
[WhiteElo "2457"]
[BlackElo "2516"]

1.e4 c6 2.d4 d5 3.Nc3 dxe4 4.Nxe4 Bf5 5.Nc5 Qc8 6.Nf3 Nf6 7.Bf4 e6 8.Be2 Nbd7
9.Nxd7 Qxd7 10.Ne5 Qd5 11.c4 Qe4 12.Be3 Qxg2 13.Bf3 Bb4+ 14.Ke2 Qh3 15.Qa4 Bd6
16.Bxc6+ Kf8 17.Bxb7 Rb8 18.Qa6 Rd8 19.Qa5 Rb8 20.Qxa7 Bxe5 21.dxe5 Bg4+
22.Ke1 Nd7 23.Rg1 Bh5 24.Qa3+ Kg8 25.Rxg7+ Kxg7 26.Bh6+ Kxh6 27.Qxh3 Rxb7
28.b3 Rf8 29.Qe3+ Kg7 30.f3 Bg6 31.Rc1 Rc8 32.Rd1 Nc5 33.Qc3 h5 34.Ke2 Nd7
35.Qd4 Rc5 36.f4 Ra5 37.Rd2 Nc5 38.Qd8 Raa7 39.Qf6+ Kh7 40.Rd8 Rxa2+ 41.Ke3 Rxb3+
42.Kd4 Rd3+ 43.Kxc5 Rxd8 44.Qxd8 Rxh2 45.Qg5 Rc2 46.Kd4 Rd2+ 47.Kc3 Rc2+
48.Kb3 Rc1 49.Qe7 Rf1 50.Qg5 Rb1+ 51.Kc3 Rc1+ 52.Kd4 Rd1+ 53.Kc5 Rh1 54.Kd6 Rd1+
55.Ke7 Rd4 56.c5 Rc4 57.Kd6 Rd4+ 58.Kc7 Rc4 59.c6 Be4 60.Qxh5+ Kg7 61.Qg5+ Kh7
62.Kd7 Rxc6 63.Ke7  1-0

[Event "FIDE Women's World Cup Gp A"]
[Site "Hyderabad IND"]
[Date "2002.10.13"]
[Round "4"]
[White "Li Ruofan"]
[Black "Chiburdanidze,M"]
[Result "1/2-1/2"]
[WhiteElo "2357"]
[BlackElo "2497"]

1.e4 c6 2.d4 d5 3.e5 Bf5 4.Nc3 e6 5.g4 Bg6 6.Nge2 Ne7 7.f4 f5 8.g5 Bh5 9.Qd3 Bxe2
10.Nxe2 Nd7 11.Be3 Nc8 12.Bg2 Be7 13.b3 b5 14.c4 bxc4 15.bxc4 Qa5+ 16.Kf2 Qa6
17.Qc2 Ncb6 18.c5 Nc4 19.Nc1 Rb8 20.Bf1 Qa3 21.Nb3 Nxe3 22.Kxe3 a5 23.Bd3 a4
24.Qc1 Qxc1+ 25.Nxc1 h6 26.g6 Kd8 27.Bc2 a3 28.Nd3 Kc7 29.Rab1 h5 30.Nb4 Ra8
31.Bd3 Nb8 32.Rb3 Ra7 33.Nc2 Nd7 34.Nb4 Rha8 35.Rhb1 Bd8  1/2-1/2

[Event "FIDE Women's World Cup Gp A"]
[Site "Hyderabad IND"]
[Date "2002.10.14"]
[Round "5"]
[White "Chiburdanidze,M"]
[Black "Kovalevskaya,E"]
[Result "1/2-1/2"]
[WhiteElo "2497"]
[BlackElo "2466"]

1.d4 Nf6 2.c4 g6 3.g3 Bg7 4.Bg2 O-O 5.Nc3 d6 6.Nf3 Nbd7 7.O-O e5 8.h3 c6
9.e4 Qa5 10.Re1 exd4 11.Nxd4 Ne5 12.Bf1 Qb6 13.Be3 c5 14.Nc2 Be6 15.b3 Qa5
16.Bd2 Ne8 17.Re3 Qd8 18.Nd5 Qd7 19.Nf4 g5 20.Nxe6 fxe6 21.Bg2 Qf7 22.Qe2 g4
23.hxg4 Nxg4 24.Rf3 Nef6 25.Bh3 Ne5 26.Rf4 Ng6 27.Rf3 Ne5 28.Re3 Nfg4 29.Rf3 Nf6  1/2-1/2

[Event "Olympiad w"]
[Site "Bled SLO"]
[Date "2002.10.28"]
[Round "3"]
[White "Chiburdanidze,M"]
[Black "Krush,I"]
[Result "1/2-1/2"]
[WhiteElo "2497"]
[BlackElo "2403"]

1.c4 e6 2.d4 Nf6 3.Nc3 d5 4.Bg5 Be7 5.e3 O-O 6.Nf3 h6 7.Bh4 b6 8.Bd3 Bb7
9.O-O Nbd7 10.Rc1 c5 11.cxd5 Nxd5 12.Bg3 Nxc3 13.bxc3 Nf6 14.Qe2 Ne4 15.Be5 Bd6
16.Rfd1 Qc7 17.Qc2 Nf6 18.Bxf6 Bxf3 19.gxf3 gxf6 20.f4  1/2-1/2

[Event "Olympiad w"]
[Site "Bled SLO"]
[Date "2002.10.29"]
[Round "4"]
[White "Petrenko,S"]
[Black "Chiburdanidze,M"]
[Result "1/2-1/2"]
[WhiteElo "2349"]
[BlackElo "2497"]

1.e4 c6 2.d4 d5 3.Nc3 dxe4 4.Nxe4 Bf5 5.Ng3 Bg6 6.Nf3 Nd7 7.Bc4 e6 8.O-O Ngf6
9.Qe2 Be7 10.Bb3 a5 11.c4 a4 12.Bc2 O-O 13.Bf4 Qb6 14.Bxg6 hxg6 15.Rad1 Rfe8
16.Ne5 c5 17.Be3 Nb8 18.f4 Nc6 19.dxc5 Bxc5 20.Bxc5 Qxc5+ 21.Kh1 Rac8 22.b3 Qa3
23.Rb1 Re7 24.Nxc6 Rxc6 25.b4 Qc3 26.c5 Rd7 27.Rfc1 Qd4 28.Rc4 Qd5 29.Rcc1 Qd4
30.Rc4 Qd5 31.Rcc1  1/2-1/2

[Event "Olympiad w"]
[Site "Bled SLO"]
[Date "2002.11.01"]
[Round "7"]
[White "Kovalevskaya,E"]
[Black "Chiburdanidze,M"]
[Result "0-1"]
[WhiteElo "2466"]
[BlackElo "2497"]

1.e4 c6 2.d4 d5 3.Nd2 dxe4 4.Nxe4 Bf5 5.Ng3 Bg6 6.Bc4 e6 7.N1e2 Bd6 8.h4 h6
9.Nf4 Bxf4 10.Bxf4 Nf6 11.Qe2 Nd5 12.Bd2 Bxc2 13.Nh5 Kf8 14.Rh3 Bg6 15.Nf4 Nxf4
16.Bxf4 h5 17.O-O-O Nd7 18.Rg3 Bf5 19.Rg5 Nb6 20.f3 f6 21.Rxf5 exf5 22.Bb3 Qd7
23.Qd3 Nd5 24.Bd2 Kf7 25.Bc2 g6 26.Rg1 Rae8 27.g4 hxg4 28.fxg4 Rxh4 29.gxf5 g5
30.Qf3 Rh2 31.Bd3 Qd6 32.Rd1 Nf4 33.Bc4+ Kg7 34.Bxf4 Qxf4+ 35.Qxf4 gxf4 36.Rg1+ Kh7
37.Be6 Rd8 38.Rd1 f3 39.Rf1 f2 40.Kd2 Rxd4+ 41.Ke3 Rg4 42.b3 Rg3+ 43.Ke2 Rg1
44.Rxf2 Rgg2  0-1

[Event "Olympiad w"]
[Site "Bled SLO"]
[Date "2002.11.04"]
[Round "9"]
[White "Peptan,C"]
[Black "Chiburdanidze,M"]
[Result "0-1"]
[WhiteElo "2479"]
[BlackElo "2497"]

1.e4 c6 2.d4 d5 3.f3 dxe4 4.fxe4 e5 5.Nf3 Be6 6.c3 Nf6 7.Bd3 Nbd7 8.O-O Qc7
9.Ng5 Bd6 10.h3 O-O-O 11.Be3 h6 12.Nxe6 fxe6 13.Nd2 exd4 14.cxd4 Bh2+ 15.Kh1 g5
16.Bc4 e5 17.d5 Bf4 18.Bxf4 exf4 19.Rc1 Kb8 20.dxc6 Qxc6 21.Bd5 Qa6 22.Bc4 Qb6
23.Qe2 Ne5 24.Bd5 Nxd5 25.exd5 Rxd5 26.Nc4 Nxc4 27.Qxc4 Rhd8 28.b3 a6 29.Qe4 Rd2
30.a4 Qxb3 31.Qe5+ Ka8 32.Qf6 R2d6 33.Qg7 Qxa4 34.Rb1 Qd7 35.Qe5 Rd2 36.Qf6 Qd6
37.Qf7 Qd5  0-1

[Event "Olympiad w"]
[Site "Bled SLO"]
[Date "2002.11.07"]
[Round "12"]
[White "Hoang Thanh Trang"]
[Black "Chiburdanidze,M"]
[Result "1/2-1/2"]
[WhiteElo "2420"]
[BlackElo "2497"]

1.d4 Nf6 2.c4 e6 3.Nc3 Bb4 4.Qc2 O-O 5.a3 Bxc3+ 6.Qxc3 b6 7.Bg5 Bb7 8.Nf3 d6
9.Nd2 Nbd7 10.f3 Rc8 11.e4 h6 12.Bh4 c5 13.Bd3 d5 14.exd5 exd5 15.O-O dxc4
16.Nxc4 cxd4 17.Qxd4 Nc5 18.Bxf6 Qxd4+ 19.Bxd4 Nxd3 20.Rfd1 Rxc4 21.Rxd3 Rd8  1/2-1/2

[Event "Olympiad w"]
[Site "Bled SLO"]
[Date "2002.11.08"]
[Round "13"]
[White "Stefanova,A"]
[Black "Chiburdanidze,M"]
[Result "1/2-1/2"]
[WhiteElo "2541"]
[BlackElo "2497"]

1.d4 e6 2.g3 d5 3.Bg2 Nf6 4.Nf3 Be7 5.O-O O-O 6.c4 c6 7.Qc2 Nbd7 8.Nbd2 c5
9.e4 dxe4 10.Nxe4 cxd4 11.Nxd4 Nxe4 12.Qxe4 Nc5 13.Qe3 Bf6 14.Nb5 Qb6 15.Qa3 Bd7
16.Be3 Rfc8 17.b4 Bxa1 18.bxc5 Qa6 19.Qd3 Bc6 20.Rxa1 Bxg2 21.Kxg2 Qc6+ 22.Kg1 b6
23.Rd1 bxc5 24.Qd7 Qb6 25.Qe7 a6 26.Rd7 Rf8 27.Nd6 Rab8 28.h4 Qc6 29.Nb7 Qe4
30.Bxc5 h6 31.Kh2 Qxc4 32.Nd8 Rbxd8 33.Rxd8 Rxd8 34.Qxd8+ Kh7 35.Qe7 f6 36.Qa7 Kg8
37.Qa8+ Kh7 38.Bf8 Kg8 39.a3 e5 40.Qe8 Qe2 41.Bc5+ Kh7 42.Qf7 Qc2 43.Qd5 a5
44.Kg2 a4 45.Kf3 Qb3+ 46.Ke4 Qb1+ 47.Ke3 Qe1+ 48.Kd3 Qd1+ 49.Ke4 Qb1+ 50.Ke3 Qe1+
51.Kd3 Qd1+ 52.Ke4  1/2-1/2

[Event "Olympiad w"]
[Site "Bled SLO"]
[Date "2002.11.10"]
[Round "14"]
[White "Chiburdanidze,M"]
[Black "Bojkovic,N"]
[Result "1/2-1/2"]
[WhiteElo "2497"]
[BlackElo "2424"]

1.d4 Nf6 2.c4 e6 3.Nf3 b6 4.e3 Bb7 5.Nc3 d5 6.cxd5 exd5 7.Bb5+ c6 8.Bd3 Be7
9.O-O O-O 10.b3 Nbd7 11.Bb2 Re8 12.Ne2 Bf8 13.Ng3 a6 14.Rc1 g6 15.Ne5 Nxe5
16.dxe5 Nd7 17.f4 Bg7 18.e4 Nc5 19.Bb1 Qe7 20.exd5 cxd5 21.b4 Ne4 22.Nxe4 dxe4
23.Qd4 Qe6 24.Rc7 Rad8 25.Qe3 Bd5 26.Bd4 Bc4 27.Rc1 Bd3 28.Bxb6 Bxb1 29.Rxb1 Rd3
30.Qf2 Red8 31.Rcc1 Rd2 32.Bxd8 Rxf2 33.Kxf2 Qxa2+ 34.Kg1 Qd2 35.Bb6 h5 36.Rf1 e3
37.Rfe1 Qf2+ 38.Kh1 Qxf4 39.Bxe3 Qxe5 40.Bc5 Qd5 41.Rbd1 Qc4 42.Rc1 Qd5 43.Red1 Qb3
44.Rd8+ Kh7 45.Rd7 Kg8 46.Ra7 Qd3 47.Re7 Bf6 48.Re3 Qb5 49.Rf3 Bg7 50.Rd1 Qc4
51.Rd8+  1/2-1/2

[Event "11th GM"]
[Site "Lippstadt GER"]
[Date "2003.08.07"]
[Round "1"]
[White "Wehmeier,S"]
[Black "Chiburdanidze,M"]
[Result "1/2-1/2"]
[WhiteElo "2350"]
[BlackElo "2497"]

1.d4 Nf6 2.c4 e6 3.Nf3 b6 4.g3 Ba6 5.b3 Bb4+ 6.Bd2 Be7 7.Nc3 c6 8.e4 d5 9.e5 Ne4
10.Bd3 Nxc3 11.Bxc3 c5 12.Qe2 Nc6 13.dxc5 Bxc5 14.Rd1 Bb4 15.Qb2 dxc4 16.Be4 Qc7
17.Bxb4 Nxb4 18.bxc4 Bb7 19.Bxb7 Qxb7 20.O-O Nc6 21.Qa3 Ne7 22.Rd6 O-O 23.Rfd1 Ng6
24.Qd3 Rac8 25.Rd7 Rc7 26.Rxc7 Qxc7 27.Qe4 Rc8 28.Rd4 h6 29.h4  1/2-1/2

[Event "11th GM"]
[Site "Lippstadt GER"]
[Date "2003.08.08"]
[Round "2"]
[White "Chiburdanidze,M"]
[Black "Schenk,A"]
[Result "1-0"]
[WhiteElo "2497"]
[BlackElo "2491"]

1.d4 Nf6 2.c4 e6 3.Nf3 d5 4.Nc3 dxc4 5.e4 Bb4 6.Bg5 c5 7.e5 h6 8.exf6 hxg5
9.fxg7 Rg8 10.dxc5 Qxd1+ 11.Rxd1 Rxg7 12.Rd4 Bxc5 13.Rg4 Bd7 14.Bxc4 Be7
15.h4 f5 16.Rxg5 Bxg5 17.hxg5 Ke7 18.Rh8 a6 19.Ne2 b5 20.Bb3 a5 21.Nf4 a4
22.Bd1 Kd6 23.Nd4 Ra5 24.Rxb8 e5 25.Nde6 Re7 26.Rb6+ Bc6 27.Bf3 exf4 28.Rxc6+ Kd7
29.Bd5 f3 30.gxf3 b4 31.Rc7+ Kd6 32.Rxe7 Kxe7 33.Bc4 Ra8 34.Kd2 Rh8 35.Nd4  1-0

[Event "11th GM"]
[Site "Lippstadt GER"]
[Date "2003.08.09"]
[Round "3"]
[White "Maiwald,JU"]
[Black "Chiburdanidze,M"]
[Result "1/2-1/2"]
[WhiteElo "2517"]
[BlackElo "2497"]

1.g3 d5 2.Bg2 c6 3.Nf3 Bg4 4.d3 Nd7 5.O-O Ngf6 6.Nbd2 e5 7.h3 Bh5 8.e4 Bd6
9.exd5 cxd5 10.c4 O-O 11.cxd5 Nxd5 12.Qb3 N5b6 13.Ne4 Bxf3 14.Bxf3 Nc5 15.Nxc5 Bxc5
16.Bxb7 Rb8 17.Bg2 Bd4 18.Rb1 Qd7 19.Be3 Na4 20.Qc2 Rfc8 21.Qd2 Bxb2 22.Qa5 Nc3
23.Rbe1 Nb5 24.Rb1 Nc3 25.Rbe1 Nb5  1/2-1/2

[Event "11th GM"]
[Site "Lippstadt GER"]
[Date "2003.08.11"]
[Round "5"]
[White "Cyborowski,L"]
[Black "Chiburdanidze,M"]
[Result "1/2-1/2"]
[WhiteElo "2550"]
[BlackElo "2497"]

1.d4 Nf6 2.c4 e6 3.g3 Bb4+ 4.Bd2 Be7 5.Bg2 d5 6.Nf3 O-O 7.Qc2 c6 8.O-O b6
9.b3 Nbd7 10.Rd1 Ba6 11.Bf4 Rc8 12.Nc3 Nh5 13.Bc1 f5 14.e3 g5 15.Ne2 Bd6
16.a4 h6 17.Ba3 Bxa3 18.Rxa3 Qe7 19.Raa1 Nhf6 20.Rac1 Ne4 21.Ne5 Qg7 22.Nxd7 Qxd7
23.Nc3 Nf6 24.Na2 Qe7 25.c5 Nd7 26.Nb4 Bb7 27.Nd3 Qg7 28.Qc3 Ba6 29.Ne5 Nxe5
30.dxe5 bxc5 31.Qxc5 Qxe5 32.Qxa7 Be2 33.Rd2 Bh5 34.f4 Qd6 35.Qc5 Qxc5 36.Rxc5 Be8
37.Bf3 Rb8 38.Bd1 Bd7 39.Rd3  1/2-1/2

[Event "11th GM"]
[Site "Lippstadt GER"]
[Date "2003.08.13"]
[Round "7"]
[White "Chiburdanidze,M"]
[Black "Gustafsson,J"]
[Result "1/2-1/2"]
[WhiteElo "2497"]
[BlackElo "2570"]

1.d4 d5 2.Nf3 Nf6 3.c4 c6 4.e3 Bf5 5.Nc3 a6 6.Qb3 b5 7.cxd5 cxd5 8.a4 b4
9.Qxb4 Nc6 10.Qc5 Na5 11.Qa3 e6 12.b4 Nc6 13.Na2 Qb8 14.Bd2 Ne4 15.Rc1 Qb7
16.a5 Nxd2 17.Kxd2 Nxb4 18.Qa4+ Qd7 19.Qxd7+ Kxd7 20.Ne5+ Ke8 21.Nc3 f6 22.Nd3 Bd6
23.Na4 Bxd3 24.Bxd3 Ke7 25.Nb6 Rab8 26.Be2 Rb7 27.Nc8+ Kd7 28.Nb6+ Ke7 29.Nc8+  1/2-1/2

[Event "11th GM"]
[Site "Lippstadt GER"]
[Date "2003.08.14"]
[Round "8"]
[White "Brenke,A"]
[Black "Chiburdanidze,M"]
[Result "0-1"]
[WhiteElo "2404"]
[BlackElo "2497"]

1.d4 Nf6 2.Nf3 e6 3.c4 b6 4.Nc3 Bb4 5.Bg5 h6 6.Bh4 Qe7 7.e3 Bb7 8.Bd3 Bxc3+
9.bxc3 d6 10.O-O Nbd7 11.Nd2 g5 12.Bg3 O-O-O 13.a4 h5 14.f3 a5 15.c5 dxc5
16.Nc4 h4 17.Be5 Rhg8 18.Bxf6 Nxf6 19.Rb1 g4 20.f4 h3 21.g3 Qe8 22.Ne5 Nd5
23.Bb5 Qf8 24.Qd3 f6 25.Nc6 Rd6 26.Nxa5 bxa5 27.dxc5 Nxf4 28.Qc4 Rd2 29.c6 Ne2+
30.Kh1 Qd6 31.Rxf6 Nxg3+ 32.hxg3 Qxg3 33.Qxe6+ Kb8 34.Qxg8+ Ka7 35.Be2 Qg2+  0-1

[Event "11th GM"]
[Site "Lippstadt GER"]
[Date "2003.08.16"]
[Round "10"]
[White "Smeets,J"]
[Black "Chiburdanidze,M"]
[Result "1-0"]
[WhiteElo "2477"]
[BlackElo "2497"]

1.e4 c6 2.d4 d5 3.e5 Bf5 4.Nc3 e6 5.g4 Bg6 6.Nge2 c5 7.h4 cxd4 8.Nxd4 h5
9.f4 hxg4 10.Bb5+ Nd7 11.f5 Rxh4 12.Rg1 Bxf5 13.Nxf5 exf5 14.Qxd5 a6 15.Bg5 Be7
16.Bc4 Nxe5 17.Qxe5 Kf8 18.Qxf5 Qe8 19.O-O-O g6 20.Qf4 Bxg5 21.Qxg5 Qe7 22.Qd2  1-0

[Event "FIDE WCh Women KO"]
[Site "Elista RUS"]
[Date "2004.05.22"]
[Round "1.1"]
[White "Arouche,F"]
[Black "Chiburdanidze,M"]
[Result "0-1"]
[WhiteElo "2114"]
[BlackElo "2502"]

1.c4 e6 2.Nf3 d5 3.g3 c6 4.b3 a5 5.Bb2 a4 6.cxd5 exd5 7.d4 Nf6 8.bxa4 Qa5+
9.Nbd2 Nbd7 10.Bg2 Nb6 11.O-O Nxa4 12.Qc2 Be7 13.Ne5 O-O 14.Nb3 Qa7 15.Rfc1 Nxb2
16.Qxb2 Ba3 17.Qc2 Bxc1 18.Qxc1 Bf5 19.a4 Ng4 20.Nxg4 Bxg4 21.e3 Be2 22.Bf1 Bxf1
23.Qxf1 Qb6 24.Qd3 Qb4 25.Nc5 b6 26.Nd7 Rfd8 27.Ne5 Qd6 28.Qc3 c5 29.a5 c4
30.axb6 Rxa1+ 31.Qxa1 Qxb6 32.Qc3 Ra8 33.Kg2 Qb3 34.Qc1 c3 35.Nd3 c2  0-1

[Event "FIDE WCh Women KO"]
[Site "Elista RUS"]
[Date "2004.05.23"]
[Round "1.2"]
[White "Chiburdanidze,M"]
[Black "Arouche,F"]
[Result "1/2-1/2"]
[WhiteElo "2502"]
[BlackElo "2114"]

1.Nf3 c5 2.c4 Nc6 3.d4 cxd4 4.Nxd4 g6 5.e4 Bg7 6.Be3 Nf6 7.Nc3 O-O 8.Be2 d6
9.O-O Bd7 10.f3 Nxd4 11.Bxd4 Bc6 12.Qd2  1/2-1/2

[Event "FIDE WCh Women KO"]
[Site "Elista RUS"]
[Date "2004.05.25"]
[Round "2.2"]
[White "Sebag,M"]
[Black "Chiburdanidze,M"]
[Result "0-1"]
[WhiteElo "2398"]
[BlackElo "2502"]

1.e4 c6 2.d4 d5 3.e5 Bf5 4.Nc3 a5 5.Be3 a4 6.a3 Qb6 7.Rb1 Qa5 8.g4 Bd7 9.Bg2 e6
10.Ne2 c5 11.O-O Nc6 12.f4 h5 13.h3 hxg4 14.hxg4 cxd4 15.Nxd4 Nxd4 16.Bxd4 Bc5
17.Ne2 Ne7 18.Bf2 Nc6 19.b4 Bxf2+ 20.Rxf2 Qb6 21.c4 dxc4 22.Nc3 Nd4 23.Ne4 Nb5
24.Rc1 Bc6 25.Rxc4 Bxe4 26.Bxe4 Nxa3 27.Rc5 Qxb4 28.Rc7 Rd8 29.Qf3 Nc4 30.Bd3 Qe1+
31.Bf1 Ne3 32.Qe4 Rh2 33.Kxh2 Nxf1+  0-1

[Event "FIDE WCh Women KO"]
[Site "Elista RUS"]
[Date "2004.05.26"]
[Round "3.1"]
[White "Jackova,J"]
[Black "Chiburdanidze,M"]
[Result "0-1"]
[WhiteElo "2331"]
[BlackElo "2502"]

1.e4 c6 2.d4 d5 3.f3 Qb6 4.Nc3 dxe4 5.fxe4 e5 6.Nf3 exd4 7.Qxd4 Qxd4 8.Nxd4 Bc5
9.Nb3 Bd6 10.Bg5 Nd7 11.O-O-O Be5 12.Nd4 Ngf6 13.Bc4 O-O 14.Rhf1 Bxh2 15.g3 h5
16.Nf5 Ne5 17.Nxg7 Nfg4 18.Nxh5 Nxc4 19.Rf4 Nce5 20.Rh1 f5 21.Nd1 fxe4 22.Rxe4 Bf5
23.Rf4 Bg6 24.Nf6+ Nxf6 25.Rxh2 Ne4 26.Be7 Rxf4 27.gxf4 Nf3 28.Rg2 Kf7 29.Ba3 Rh8  0-1

[Event "FIDE WCh Women KO"]
[Site "Elista RUS"]
[Date "2004.05.27"]
[Round "3.2"]
[White "Chiburdanidze,M"]
[Black "Jackova,J"]
[Result "1/2-1/2"]
[WhiteElo "2502"]
[BlackElo "2331"]

1.d4 b6 2.e4 Bb7 3.Bd3 Nf6 4.Qe2 Nc6 5.c3 e5 6.d5 Nb8 7.Nf3 d6 8.c4 Be7 9.Nc3 O-O
10.Be3 Nbd7 11.Nd2 Ne8 12.O-O g6 13.b4 Ng7 14.Nb3 f5 15.f3 f4 16.Bf2 g5 17.c5 Nf6
18.Rfc1 g4 19.fxg4 Bc8 20.h3 h5 21.g5 Nh7 22.Nd2 Nxg5 23.Nf3 Qe8 24.Nxg5 Bxg5
25.Qf3 Bd8 26.cxd6 cxd6 27.Nb5 Rf6 28.Nxa7 Bd7 29.Nc6 Rg6 30.Nxd8 Qxd8 31.Bf1 Bg4
32.Qc3 f3 33.hxg4 hxg4 34.Qe3 g3 35.Bxg3 Rxg3 36.Qh6 Rg5 37.Rc3 Rh5 38.Qd2 Qh4
39.Rxf3 Qxe4 40.Rc1 Qh7 41.Rh3 Rxh3 42.gxh3 Nh5 43.Qg5+ Kh8 44.Qg4 Nf6 45.Rc8+ Rxc8
46.Qxc8+ Ng8 47.a4  1/2-1/2

[Event "FIDE WCh Women KO"]
[Site "Elista RUS"]
[Date "2004.05.30"]
[Round "4.5"]
[White "Chiburdanidze,M"]
[Black "Cmilyte,V"]
[Result "1-0"]
[WhiteElo "2502"]
[BlackElo "2430"]

1.d4 f5 2.c4 Nf6 3.g3 g6 4.Nf3 Bg7 5.b4 d6 6.Bb2 O-O 7.Bg2 c6 8.O-O a5 9.b5 cxb5
10.cxb5 Kh8 11.d5 Nbd7 12.Nd4 Nc5 13.Nd2 Qe8 14.Nc4 Qd8 15.Rc1 Bd7 16.a4 Nfe4
17.e3 Rc8 18.f3 Nf6 19.Ne2 Be8 20.Bc3 b6 21.Bxf6 Bxf6 22.Nd4 Bxd4 23.Qxd4+ Kg8
24.Nd2 Bf7 25.h4 e5 26.dxe6 Bxe6 27.e4 Qf6 28.Qxf6 Rxf6 29.exf5 Bxf5 30.g4 Bd7
31.g5 Rf4 32.Ne4 Nxe4 33.fxe4 Rxf1+ 34.Rxf1 Rf8 35.Rd1 Be6 36.Rxd6 Bb3 37.Rxb6 Bxa4
38.e5 Re8 39.Bd5+ Kf8 40.Rf6+ Ke7 41.b6 Rb8 42.Rf7+ Ke8 43.b7 Kd8 44.e6 Be8
45.Rxh7 a4 46.Kf2 a3 47.Ke3 Bc6 48.Bxc6 a2 49.e7+  1-0

[Event "2nd North Urals Cup"]
[Site "Krasnoturinsk RUS"]
[Date "2004.07.25"]
[Round "2"]
[White "Chiburdanidze,M"]
[Black "Polovnikova,E"]
[Result "1-0"]
[WhiteElo "2498"]
[BlackElo "2413"]

1.d4 d5 2.c4 c6 3.Nf3 Nf6 4.Nc3 dxc4 5.a4 Bf5 6.Ne5 Nbd7 7.Nxc4 Qc7 8.Qd2 e6
9.Qf4 Qxf4 10.Bxf4 Nb6 11.Nd6+ Bxd6 12.Bxd6 O-O-O 13.Bc5 Kb8 14.f3 Rhe8 15.e4 Bg6
16.Be2 e5 17.dxe5 Rxe5 18.Be3 Ree8 19.Kf2 Ng8 20.Bf4+ Ka8 21.a5 Nc8 22.Na4 f5
23.Nb6+ Nxb6 24.axb6 a6 25.Rxa6+ bxa6 26.Bxa6 fxe4 27.Ra1 e3+ 28.Ke1  1-0

[Event "2nd North Urals Cup"]
[Site "Krasnoturinsk RUS"]
[Date "2004.07.27"]
[Round "4"]
[White "Chiburdanidze,M"]
[Black "Krush,I"]
[Result "1/2-1/2"]
[WhiteElo "2498"]
[BlackElo "2459"]

1.c4 e5 2.g3 Nc6 3.Bg2 g6 4.e3 Bg7 5.Ne2 f5 6.d4 e4 7.Nf4 Nf6 8.h4 Ne7 9.h5 g5
10.h6 Bf8 11.Nh5 Ng6 12.Nc3 Nxh5 13.Qxh5 Bb4 14.Bd2 Bxc3 15.Bxc3 d6 16.d5 Rg8
17.g4 Qe7 18.O-O-O fxg4 19.Rd4 Bf5 20.Rg1 O-O-O 21.Bxe4 Bd7 22.Bc2 Ne5 23.Re4 Rgf8
24.Bxe5 dxe5 25.Qh2 Qd6 26.Bd1 Qg6 27.Rxe5 Qd3 28.Qg2 Qxc4+ 29.Kb1 Qd3+ 30.Kc1 Qc4+
31.Kb1 Qd3+ 32.Kc1  1/2-1/2